000 00417cam a2200169ua 4500
041 _aeng
_h
082 _a824
_bMAR/UN
100 _aMartin, N C .
245 _aUnderstanding and enjoyment /
_cN C Martin.
_hTextual Documents
250 _a1 /
_b.
260 _aLondon :
_bOxford University Press ,
_c1960.
300 _a190 ; .
504 _a
700 1 _aGriffiths, A .
942 _cBK
999 _c7570
_d7570